| 000 | 00394cam a22001217a 4500 | ||
|---|---|---|---|
| 008 | 180718b1997 xxu||||| |||| 00| 0 eng d | ||
| 082 | _aB253x54 F466 | ||
| 245 |
_aFifty years of Indian Parliamentary democracy, 1947-1997 _cby Lok Sabha Secretariat |
||
| 260 |
_aNew Delhi _bLok Sabha Secretariat _c1997 |
||
| 300 | _a160+p. | ||
| 650 | _aDemocracy - India | ||
| 700 | _aIndia. Lok Sabha Secretariat | ||
| 999 |
_c482852 _d482852 |
||